| 000 | 00454nam a22001817a 4500 | ||
|---|---|---|---|
| 003 | CEME | ||
| 005 | 20210628201923.0 | ||
| 008 | 210208b xxu||||| |||| 00| 0 eng d | ||
| 020 | _a81-203-0636-8 | ||
| 040 | _c. | ||
| 082 | _a512.9432 DAT | ||
| 100 |
_aDatta, K.B _957417 |
||
| 245 | _aMatrix and linear algebra | ||
| 260 |
_aNEW DELHI _bPRENTICE HALL _c2003 |
||
| 300 | _aXIX,612P | ||
| 650 |
_aMATRIX AND LINEAR ALGEBRA _957418 |
||
| 942 |
_cBK _2ddc |
||
| 999 |
_c567701 _d567701 |
||